| 000 | 01219nam a2200325 i 4500 | ||
|---|---|---|---|
| 003 | EG-GICUC | ||
| 005 | 20260121101355.0 | ||
| 008 | 251128s2017 ua ||||fr|||| 00| 0 ara d | ||
| 017 | _a2016/15724 | ||
| 020 | _a9789773507312 | ||
| 040 |
_a EG-GICUC _bara _c EG-GICUC _d EG-GICUC _erda |
||
| 041 | 0 | _aara | |
| 082 | 0 | 4 |
_221 _a343.431 _bم ص . و |
| 092 | 0 | 4 | _221 |
| 099 | _aLaw1 10 343.431 م ص . و 1 ed - 2017 | ||
| 100 | 0 |
_a مصطفى السعداوي _eمؤلف. |
|
| 245 | 1 | 2 |
_aالوسيط في شرح قانون مكافحة الإرهاب رقم 94 لسنة2015 : _b "دراسة نقدية تحليلية مقارنة" / _cد. مصطفى السعداوي. |
| 250 | _aالطبعة الاولى | ||
| 264 | 1 |
_aالقاهرة : _bدار الكتاب الحديث، _c2017. |
|
| 300 |
_a705 صفحة ؛ _c24 سم. |
||
| 336 |
_2rda content _atext |
||
| 337 |
_2rda media _aComputer |
||
| 338 |
_2rda carrier _aOnline Resource |
||
| 546 | _aالنص باللغة العربية | ||
| 650 | 1 | 4 | _aالتشريع الخاص بالإرهاب |
| 650 | 1 | 4 | _aالقانون الجنائي |
| 856 | 4 | 0 | _uhttps://fll.law.cu.edu.eg/fulltext/bks/B10-06267.pdf |
| 905 |
_a77 _eHassnaa |
||
| 942 |
_2ddc _cBK _e21 _n0 |
||
| 999 |
_c46676 _d46676 |
||